000 00968nam a2200265Ia 4500
003 OSt
005 20221005110647.0
006 a|||||r|||| 00| 0
007 ta
008 221004b |||||||| |||| 00| 0 hin d
020 _a8171784291 (hbk)
_c225
024 _a13585
037 _bBR8175, 20/03/2014, Rajkamal Prakashan Pvt. Ltd.
_cTextual
040 _aCRL
_cCRL
_bhin
041 _2hin
_ahin
082 _aO152,3N383,AA, N5;P6
100 _aचंद्रकान्ता
245 0 _aअपने - अपने कोणार्क
246 _aApane - apane koṇārka
260 _aनई दिल्ली
_bराजकमल प्रकाशन भारत
_c2006
300 _a201पृ0
_ccm.
650 _aहिन्दी साहित्य
942 _hO152,3N383,AA, N5;P6
_cTEXL
_2cc
999 _c1019506
_d1019506